000 005220000a22001810004500
003 MACL
005 20210906175409.0
008 160331b xxu||||| |||| 00| 0 eng d
040 _aMACL
_cMACL
041 _aHindi
082 _a300
100 _aडॉ चन्‍द्रमोहन झा
_949105
245 _aविवाह विमर्श
260 _bकिशोर विघा निकेतन
_c2004
_aवाराणसी
350 _a150
650 _aSociology
_949106
942 _cHIN
_k300
_2ddc
999 _c10244
_d10244